رجال حول النبي صلى الله عليه و سلم / (رقم التسجيلة. 9771)

تفاصيل مارك
000 -LEADER
fixed length control field 00600nam a22001937a 4500
005 - DATE AND TIME OF LATEST TRANSACTION
control field 20251108164335.0
008 - FIXED-LENGTH DATA ELEMENTS--GENERAL INFORMATION
fixed length control field 250721s1997 xx 000 0 ara d
082 14 - DEWEY DECIMAL CLASSIFICATION NUMBER
Classification number 219.9/زين
100 1# - MAIN ENTRY--PERSONAL NAME
Personal name الزين، نبيل عبد القادر
245 10 - TITLE STATEMENT
Title رجال حول النبي صلى الله عليه و سلم /
264 1# - PRODUCTION, PUBLICATION, DISTRIBUTION, MANUFACTURE, AND COPYRIGHT NOTICE
Place of production, publication, distribution, manufacture عمان :
Name of producer, publisher, distributor, manufacturer دار اسامه للنشر والتوزيع،
Date of production, publication, distribution, manufacture, or copyright notice 1997.
300 ## - PHYSICAL DESCRIPTION
Extent 112ص.
650 17 - SUBJECT ADDED ENTRY--TOPICAL TERM
Topical term or geographic name as entry element الصحابة و التابعون
650 17 - SUBJECT ADDED ENTRY--TOPICAL TERM
Topical term or geographic name as entry element آل البيت
650 17 - SUBJECT ADDED ENTRY--TOPICAL TERM
Topical term or geographic name as entry element الإسلام
650 17 - SUBJECT ADDED ENTRY--TOPICAL TERM
Topical term or geographic name as entry element التراجم
942 ## - ADDED ENTRY ELEMENTS (KOHA)
Source of classification or shelving scheme Dewey Decimal Classification
Koha item type كتب
المقتنيات
حالة السحب حالة الفقدان مصدر التصنيف حالة التلف غير قابل للإعارة المكتبة الرئيسية المكتبة الحالية موقع الرف تاريخ التزويد الرقم المتسلسل Total Checkouts رقم الإستدعاء تاريخ آخر ظهور تاريخ الفاتورة نوع المادة (كوها) الباركود
    Dewey Decimal Classification Unchecked   مكتبة أم قصير والمقابلين العامة مكتبة أم قصير والمقابلين العامة الإعارة 06/07/2004 5045   219.9/زين 28/07/2025 06/07/2004 كتب  
    Dewey Decimal Classification Unchecked   مكتبة الأميرة ايمان العامة مكتبة الأميرة ايمان العامة الإعارة 06/07/2004 10447   219.9/زين 28/07/2025 06/07/2004 كتب  
    Dewey Decimal Classification Unchecked   مكتبة الأميرة ايمان العامة مكتبة الأميرة ايمان العامة الإعارة 06/07/2004 11251   219.9/زين 28/07/2025 06/07/2004 كتب  
    Dewey Decimal Classification Unchecked   مكتبة الاميرة بديعة مكتبة الاميرة بديعة الإعارة 06/07/2004 6350   219.9/زين 28/07/2025 06/07/2004 كتب  
    Dewey Decimal Classification     مكتبة النصر العامة مكتبة النصر العامة الإعارة 29/10/2014 (9103)   219.9/زين 28/07/2025 29/10/2014 كتب PLD00308954
    Dewey Decimal Classification     مكتبة حمزة العامة مكتبة حمزة العامة الإعارة 03/06/2015 [5958].   219.9/زين 28/07/2025 03/06/2015 كتب PLD00328936
    Dewey Decimal Classification     مكتبة صويلح العامة مكتبة صويلح العامة الإعارة 27/12/2015 [12402   219.9/زين 28/07/2025 27/12/2015 كتب PLD00368048
    Dewey Decimal Classification Unchecked   مكتبة وادي السير العامة مكتبة وادي السير العامة الإعارة 06/07/2004 7216   219.9/زين 28/07/2025 06/07/2004 كتب  
Implemented & Customized by: BBB with SCIT (Smart Chains for Information Technology)

Powered by Koha